Homenaje a Gabriela Mistral
Sparad:
| Institutionell upphovsman: | |
|---|---|
| Materialtyp: | Bok |
| Språk: | spanska |
| Publicerad: |
Santiago
Anales de la Universidad de Chile
1957
|
| Ämnen: | |
| Taggar: |
Lägg till en tagg
Inga taggar, Lägg till första taggen!
|
MARC
| LEADER | 00000nam a2200000 a 4500 | ||
|---|---|---|---|
| 001 | UCQ6511 | ||
| 003 | CL-VaPUC | ||
| 005 | 20241016095655.0 | ||
| 008 | 981016e19570000CL |||||||||||||||||spa|d | ||
| 999 | |c 276464 |d 276462 | ||
| 040 | |c Pontificia Universidad Católica de Valparaíso | ||
| 082 | 0 | 4 | |a Ch861.09 |b UNI |2 21 |
| 110 | 2 | |a Universidad de Chile |e author |9 420416 | |
| 245 | 1 | 0 | |a Homenaje a Gabriela Mistral |
| 260 | |a Santiago |b Anales de la Universidad de Chile |c 1957 | ||
| 300 | |a 318 p | ||
| 583 | |a last modification |c 19981016 00:00:00 |k Rodrigo Vera | ||
| 600 | 0 | |a Mistral, Gabriela, |d 1889-1957 |e autora |q Godoy Alcayaga, Lucila |9 866296 | |
| 650 | 0 | |a Poesía chilena |9 268403 | |
| 650 | 0 | |a Literatura chilena |9 308278 | |
| 650 | 0 | |a Homenajes |9 258192 | |
| 942 | |c BK |2 ddc | ||
| 945 | |d 19981016 00:00:00 |a crobeson | ||
| 952 | |0 0 |1 0 |4 0 |6 CH_861_090000000000000_UNI_1957 |7 0 |8 A |9 313704 |a BIBEDU |b BIBEDU |d 2019-11-20 |i 1482548 |l 1 |o Ch861.09 UNI 1957 |p 1482548 |r 2024-12-18 |s 2024-12-17 |w 2019-11-20 |y BK |k LIT | ||